000 00687cam a22002413a 4500
001 14060
003 PGUSA
005 20140828083312.0
008 041116s2004||||xxu|||||s|||||000 1 eng d
040 _aPGUSA
_beng
042 _adc
050 4 _aPR
100 1 _aWells, H. G.
_q(Herbert George),
_d1866-1946
245 1 0 _aMr. Britling Sees It Through
_h[electronic resource] /
_cH. G. Wells
260 _bProject Gutenberg,
_c2004
506 _aPublic domain in the USA.
516 _aElectronic text
653 _aWorld War, 1914-1918 -- Fiction
653 _aWar stories
830 0 _aProject Gutenberg
_v14060
856 4 0 _uhttp://www.gutenberg.org/ebooks/14060
942 _cEB
999 _c243315
_d243315